| 000 | 00419nam a2200157 4500 | ||
|---|---|---|---|
| 001 | 143993 | ||
| 003 | ES-MaACL | ||
| 005 | 20230906200924.0 | ||
| 007 | t| | ||
| 008 | 070214s1910 xxk r ||||1| eng d | ||
| 100 | 1 |
_aShaw, Rafael. _9106035 |
|
| 245 | 1 | 0 |
_aSpain from within / _cby Rafael Shaw. |
| 260 |
_aLondon : _bT. Fisher Unwin, _c1910. |
||
| 300 |
_a328 p. : _bil. ; _c23 x 14 cm. |
||
| 852 |
_aES-MaACL _jG-12322 |
||
| 999 |
_c143993 _d143993 |
||